History Quiz

Random History or Discovery Quiz

Historically Significant Aviators Quiz Stats

Quiz Updated Sep 11, 2016

Challenge
Share
Tweet
Embed
Score 0/20 Timer 06:00
0 Plays Today
% Correct
Amelia Earhart
92%
Yuri Gagarin
91.2%
Charles Lindbergh
90.3%
Buzz Aldrin
89.4%
Manfred von Richthofen
87.5%
Howard Hughes
86.8%
Roald Dahl
86.3%
Orville Wright
85.5%
Chesley Sullenberger
83.1%
John McCain
83%
% Correct
John Glenn
81.7%
Chuck Yeager
81.4%
Bessie Coleman
80%
Amy Johnson
79.7%
Richard Branson
77.2%
Eddie Rickenbacker
68.9%
Jimmy Doolittle
68%
Louis Blériot
66.8%
Chris Hadfield
65.2%
George H. W. Bush
65.1%

You're not logged in!

Compare scores with friends on all Sporcle quizzes.
Sign Up with Email
OR
Log In

You Might Also Like...

Show Comments

Extras

Top Quizzes Today


Score Distribution

Your Account Isn't Verified!

In order to create a playlist on Sporcle, you need to verify the email address you used during registration. Go to your Sporcle Settings to finish the process.